Openings And Closures : (Record no. 1848212)

MARC details
000 -LEADER
fixed length control field 00537 a2200193 4500
005 - DATE AND TIME OF LATEST TRANSACTION
control field 20260415120824.0
008 - FIXED-LENGTH DATA ELEMENTS--GENERAL INFORMATION
fixed length control field 260415b |||||||| |||| 00| 0 eng d
020 ## - INTERNATIONAL STANDARD BOOK NUMBER
International Standard Book Number 9789350029152
040 ## - CATALOGING SOURCE
Transcribing agency SDCL
041 ## - LANGUAGE CODE
Source of code eng
Language code of text/sound track or separate title eng
084 ## - COLON CLASSIFICATION NUMBER
Classification number XM2m3 R5
245 ## - TITLE STATEMENT
Title Openings And Closures :
Remainder of title Socialist Strategy At A Crossroads
260 ## - PUBLICATION, DISTRIBUTION, ETC.
Place of publication, distribution, etc. London :
Name of publisher, distributor, etc. Aakar Books,
Date of publication, distribution, etc. 2025.
300 ## - PHYSICAL DESCRIPTION
Extent xviii, 372p.
490 ## - SERIES STATEMENT
Series statement Socialist register
700 ## - ADDED ENTRY--PERSONAL NAME
Personal name Albo, Greg ed.
700 ## - ADDED ENTRY--PERSONAL NAME
Personal name Maher, Stephen ed.
942 ## - ADDED ENTRY ELEMENTS (KOHA)
Koha item type Textual
Source of classification or shelving scheme Colon Classification (CC)
700 ## - ADDED ENTRY--PERSONAL NAME
-- 1234803
700 ## - ADDED ENTRY--PERSONAL NAME
-- 1234804
999 ## -
-- 1848212
-- 1848212
Holdings
Withdrawn status Lost status Source of classification or shelving scheme Damaged status Not for loan Home library Current library Date acquired Source of acquisition Cost, normal purchase price Inventory number Total checkouts Full call number Barcode Date last seen Cost, replacement price Price effective from Koha item type
    Colon Classification (CC)     South Campus Library South Campus Library 2026-04-10 30 680.00 143 & 30/12/2025   XM2m3 R5 SC1691915 2026-04-10 850.00 2026-04-10 Textual
Copyright @ Delhi University Library System